Day #42: Countries 4200 km away from Cyprus - Statistics

General Stats
  • This quiz has been taken 12 times
    10 since last reset
  • The average score is 14 of 17
Answer Stats
Answer % Correct
India
100%
Russia
100%
China
88%
Democratic Republic of the Congo
88%
Kazakhstan
88%
Kenya
88%
Mali
88%
Mauritania
88%
Morocco
88%
Republic of the Congo
88%
Tanzania
88%
Cameroon
75%
Nigeria
75%
Burkina Faso
63%
Benin
50%
Burundi
50%
Rwanda
50%
No matching quizzes found
Score Distribution
Percent of People with Each Score
Percentile by Number Answered
Your Score History
You have not taken this quiz since the last reset